|
|
|
|
| LEADER |
00000naa a2200000 4500 |
| 001 |
vtls011967256 |
| 003 |
SK-MaSNL |
| 005 |
20260302144557.0 |
| 008 |
200518|2018 xo | f|| |0|| ||slo |
| 015 |
|
|
|a SNBRA 2015
|2 svkbbbg
|
| 038 |
|
|
|a SVKBBBG
|
| 040 |
|
|
|a SVKBBBG
|b slo
|c SVKBBBG
|e rda
|
| 041 |
0 |
|
|a slo
|b eng
|
| 044 |
|
|
|a xo
|c SK
|
| 072 |
|
7 |
|a 17
|x Etika. Morálna filozofia
|2 konspektt
|
| 080 |
|
|
|a 17.02
|2 2011
|
| 080 |
|
|
|a 2-18
|2 2011
|
| 080 |
|
|
|a 316.752
|2 2011
|
| 080 |
|
|
|a 316.3:17.023.5
|2 2011
|
| 100 |
1 |
|
|a Šlosiar, Ján,
|d 1952-
|4 aut
|9 200623
|
| 245 |
1 |
0 |
|a Zmysel života v konzumnom spoločenstve
|c Ján Šlosiar
|
| 336 |
|
|
|a text
|b txt
|2 rdacontent
|
| 337 |
|
|
|a bez média
|b n
|2 rdamedia
|
| 338 |
|
|
|a zväzok
|b nc
|2 rdacarrier
|
| 504 |
|
|
|a Bibliografia na strane 74; bibliografické odkazy
|
| 546 |
|
|
|a Anglické resumé
|
| 650 |
0 |
7 |
|a zmysel života
|2 SNKPH
|9 4977
|
| 650 |
0 |
7 |
|a človek
|2 SNKPH
|9 16150
|
| 650 |
0 |
7 |
|a hodnoty
|2 SNKPH
|9 2081
|
| 650 |
0 |
7 |
|a konzumná spoločnosť
|2 SNKPH
|9 1232
|
| 773 |
0 |
|
|t Hodnoty a utváranie zmyslu života
|d Banská Bystrica : Belianum : Univerzita Mateja Bela, 2018
|g S. 65-74
|z 9788055715087
|
| 852 |
|
|
|a SVKBB
|b KIS3GCP
|
| 958 |
|
|
|a NB
|
| 999 |
|
|
|c 1349943
|d 1351873
|